Délmagyarország. - 1911. október 20., Péntek
Elmentve itt :
| Dokumentumtípus: | Újság |
|---|---|
| Megjelent: |
1911-10-20
|
| Sorozat: | Délmagyarország
2 No. 241 |
| Online Access: | http://dmarchiv.bibl.u-szeged.hu/475 |
| LEADER | 00485nas a2200145 i 4500 | ||
|---|---|---|---|
| 001 | delm475 | ||
| 005 | 20200414143238.0 | ||
| 008 | 171213s1911 hu n o 0|| hun d | ||
| 022 | |a 0133-025X | ||
| 040 | |a SZTE Délmagyarország Archívum |b hun | ||
| 041 | |a hun | ||
| 245 | 0 | 0 | |a Délmagyarország. - 1911. október 20., Péntek |h [elektronikus dokumentum] |
| 260 | |c 1911-10-20 | ||
| 490 | 0 | |a Délmagyarország |v 2 No. 241 | |
| 856 | 4 | 0 | |u http://dmarchiv.bibl.u-szeged.hu/475/1/dm_1911_241.pdf |z Dokumentum-elérés |